The battle of the Little Big Horn /

Bibliographic Details
Main Author: Coburn, Wallace David, 1872-1954
Other Authors: Russell, Charles M. (Charles Marion), 1864-1926
Format: Book
Language:English
Published: [Place of publication not identified] : Overland-Outwest Publications, [1936]
Subjects:

MARC

Tag First Indicator Second Indicator Subfields
LEADER 00000cam a2200000 a 4500
001 in00000732521
005 20151016080814.0
008 781027s1936 xx aco 00010 eng
010 |a  37015419  
035 |a (OCoLC)04326943 
035 |9 ADG3681AM 
040 |a DLC  |c OKU  |d TXA  |d UtOrBLW 
049 |a TXAS  |c [A09882969] 
050 4 |a E83.876  |b .C64 1936 
100 1 |a Coburn, Wallace David,  |d 1872-1954. 
245 1 4 |a The battle of the Little Big Horn /  |c by Wallace David Coburn ; illustrated by W.L. Stephenson. 
264 1 |a [Place of publication not identified] :  |b Overland-Outwest Publications,  |c [1936] 
264 4 |c ©1936 
300 |a 31 unnumbered pages :  |b illustrations, portraits, photographs ;  |c 28 cm. 
336 |a text  |b txt  |2 rdacontent 
337 |a unmediated  |b n  |2 rdamedia 
338 |a volume  |b nc  |2 rdacarrier 
500 |a "Foreword" by Charles M. Russell. 
500 |a Inscribed by the author. 
650 0 |a Little Bighorn, Battle of the, Mont., 1876. 
600 1 0 |a Custer, George A.  |q (George Armstrong),  |d 1839-1876. 
700 1 |a Russell, Charles M.  |q (Charles Marion),  |d 1864-1926. 
999 |a MARS 
999 f f |s 18a8e2c0-a7e6-3895-b0a4-f3b484778b73  |i 606a596c-14d8-34cc-a62c-df5778da9a94  |t 0 
952 f f |p noncirc  |a Texas A&M University  |b College Station  |c Cushing Memorial Library & Archives  |d Cushing: Kelsey Illustrators (Does not check out)  |t 0  |e E83.876 .C64 1936  |h Library of Congress classification  |i unmediated -- volume  |m A14809882969 
998 f f |a E83.876 .C64 1936  |t 0  |l Cushing: Kelsey Illustrators (Does not check out)